[Event "Malopolskie Chess Tour - Grupa Seniorska"]
[Site "Poronin"]
[Date "2022.01.06"]
[Round "1.1"]
[White "Zarow, Zdzislaw"]
[Black "Kucharski, Tadeusz"]
[Result "0-1"]
[BlackElo "1601"]
[WhiteElo "1672"]
[LiveChessVersion "1.4.8"]

1. e4 {[%clk 1:30:57]} e6 {[%clk 1:30:18]} 2. Nf3 {[%clk 1:31:05]} d5
{[%clk 1:30:24]} 3. e5 {[%clk 1:31:16]} c5 {[%clk 1:30:42]} 4. d4
{[%clk 1:31:34]} Nc6 {[%clk 1:30:12]} 5. Bb5 {[%clk 1:30:50]} Bd7
{[%clk 1:29:18]} 6. Bxc6 {[%clk 1:31:01]} Bxc6 {[%clk 1:29:37]} 7. O-O
{[%clk 1:31:18]} Rc8 {[%clk 1:29:16]} 8. c3 {[%clk 1:28:07]} cxd4
{[%clk 1:28:25]} 9. Nxd4 {[%clk 1:28:18]} h6 {[%clk 1:28:04]} 10. f4
{[%clk 1:27:37]} Bc5 {[%clk 1:27:03]} 11. Kh1 {[%clk 1:26:43]} Bxd4
{[%clk 1:27:06]} 12. cxd4 {[%clk 1:26:19]} Ne7 {[%clk 1:26:55]} 13. Nc3
{[%clk 1:26:18]} Qb6 {[%clk 1:26:21]} 14. g4 {[%clk 1:23:38]} Bd7
{[%clk 1:25:54]} 15. Rf3 {[%clk 1:18:01]} Rc4 {[%clk 1:23:15]} 16. Rd3
{[%clk 1:17:59]} O-O {[%clk 1:19:48]} 17. b3 {[%clk 1:18:20]} Rc7
{[%clk 1:19:26]} 18. Ba3 {[%clk 1:18:38]} Re8 {[%clk 1:19:19]} 19. Bd6
{[%clk 1:18:13]} Rc6 {[%clk 1:15:29]} 20. Na4 {[%clk 1:18:06]} Qd8
{[%clk 1:15:49]} 21. Nc5 {[%clk 1:17:05]} b6 {[%clk 1:14:17]} 22. Nxd7
{[%clk 1:14:15]} Qxd7 {[%clk 1:14:33]} 23. Rc1 {[%clk 1:13:53]} Rec8
{[%clk 1:14:48]} 24. Rxc6 {[%clk 1:14:06]} Rxc6 {[%clk 1:14:52]} 25. Bxe7
{[%clk 1:01:26]} Qxe7 {[%clk 1:15:10]} 26. Qe2 {[%clk 0:59:55]} Qc7
{[%clk 1:12:43]} 27. Kg2 {[%clk 0:58:14]} b5 {[%clk 1:12:21]} 28. h4
{[%clk 0:58:22]} b4 {[%clk 1:12:31]} 29. g5 {[%clk 0:55:34]} hxg5
{[%clk 1:12:24]} 30. hxg5 {[%clk 0:55:54]} Rc2 {[%clk 1:07:56]} 31. Rd2
{[%clk 0:56:22]} Rxd2 {[%clk 1:08:23]} 32. Qxd2 {[%clk 0:56:19]} Qc3
{[%clk 1:08:48]} 33. Qf2 {[%clk 0:56:40]} Kh7 {[%clk 1:08:13]} 34. f5
{[%clk 0:56:23]} exf5 {[%clk 1:05:20]} 35. Qxf5+ {[%clk 0:56:51]} Kg8
{[%clk 1:05:17]} 36. Qf2 {[%clk 0:54:36]} Qc1 {[%clk 1:04:35]} 37. Qf5
{[%clk 0:51:28]} g6 {[%clk 1:02:34]} 38. Qf6 {[%clk 0:51:21]} Qd2+
{[%clk 1:02:28]} 39. Kg3 {[%clk 0:51:20]} Qe3+ {[%clk 1:02:40]} 40. Kg2
{[%clk 0:51:21]} Qxd4 {[%clk 1:02:03]} 41. Qd8+ {[%clk 0:49:01]} Kh7
{[%clk 1:01:34]} 42. Qe7 {[%clk 0:48:02]} Qe4+ {[%clk 1:01:21]} 43. Kg3
{[%clk 0:48:06]} Qf5 {[%clk 1:01:14]} 44. Qf6 {[%clk 0:47:04]} d4
{[%clk 0:59:07]} 45. Qe7 {[%clk 0:39:50]} d3 {[%clk 0:58:31]} 46. e6
{[%clk 0:37:23]} Qxe6 {[%clk 0:56:53]} 47. Qxb4 {[%clk 0:37:19]} Qe5+
{[%clk 0:56:59]} 48. Kg4 {[%clk 0:34:42]} Qe2+ {[%clk 0:56:57]} 49. Kg3
{[%clk 0:34:35]} d2 {[%clk 0:57:06]} 50. Qf8 {[%clk 0:28:51]} Qd3+
{[%clk 0:57:11]} 51. Kh4 {[%clk 0:25:12]} Qd5 {[%clk 0:57:28]} 0-1

[Event "Malopolskie Chess Tour - Grupa Seniorska"]
[Site "Poronin"]
[Date "2022.01.06"]
[Round "1.2"]
[White "Sadzikowski, Marian"]
[Black "Marszalek, Jakub"]
[Result "0-1"]
[BlackElo "1406"]
[WhiteElo "1763"]
[LiveChessVersion "1.4.8"]

1. e4 {[%clk 1:30:58]} c5 {[%clk 1:30:25]} 2. f4 {[%clk 1:31:23]} d6
{[%clk 1:30:26]} 3. Bb5+ {[%clk 1:31:46]} Bd7 {[%clk 1:30:27]} 4. Bxd7+
{[%clk 1:32:10]} Nxd7 {[%clk 1:30:37]} 5. Nf3 {[%clk 1:32:34]} g6
{[%clk 1:30:36]} 6. O-O {[%clk 1:32:56]} Bg7 {[%clk 1:30:50]} 7. d3
{[%clk 1:33:15]} Ngf6 {[%clk 1:30:47]} 8. c3 {[%clk 1:33:34]} O-O
{[%clk 1:30:51]} 9. Qe1 {[%clk 1:33:44]} b5 {[%clk 1:30:48]} 10. Qh4
{[%clk 1:33:52]} a5 {[%clk 1:29:58]} 11. Nbd2 {[%clk 1:32:43]} a4
{[%clk 1:30:13]} 12. Ng5 {[%clk 1:32:56]} h6 {[%clk 1:30:25]} 13. Nh3
{[%clk 1:33:18]} e6 {[%clk 1:30:22]} 14. Kh1 {[%clk 1:30:40]} Nh5
{[%clk 1:30:28]} 15. Qf2 {[%clk 1:27:56]} b4 {[%clk 1:30:37]} 16. cxb4
{[%clk 1:27:37]} cxb4 {[%clk 1:30:53]} 17. g4 {[%clk 1:25:33]} Nhf6
{[%clk 1:30:30]} 18. g5 {[%clk 1:25:54]} Ng4 {[%clk 1:30:38]} 19. Qf3
{[%clk 1:25:16]} h5 {[%clk 1:30:18]} 20. Nf2 {[%clk 1:25:34]} a3 {[%clk 1:30:17]}
21. Rb1 {[%clk 1:25:31]} Nc5 {[%clk 1:30:25]} 22. bxa3 {[%clk 1:25:12]} bxa3
{[%clk 1:30:37]} 23. Nxg4 {[%clk 1:23:43]} hxg4 {[%clk 1:30:53]} 24. Qe2
{[%clk 1:23:51]} Na4 {[%clk 1:30:31]} 25. Rb3 {[%clk 1:22:50]} Qc7
{[%clk 1:30:20]} 26. Bxa3 {[%clk 1:21:41]} Rfe8 {[%clk 1:29:59]} 27. Rc1
{[%clk 1:20:43]} Qd7 {[%clk 1:29:40]} 28. Qxg4 {[%clk 1:20:05]} d5
{[%clk 1:29:39]} 29. e5 {[%clk 1:18:47]} Rec8 {[%clk 1:29:53]} 30. Qd1
{[%clk 1:11:31]} Qa7 {[%clk 1:29:11]} 31. Qg1 {[%clk 1:09:32]} Qd7
{[%clk 1:28:48]} 32. Nb1 {[%clk 1:02:19]} d4 {[%clk 1:28:13]} 33. Qg2
{[%clk 1:01:22]} Rxc1+ {[%clk 1:28:09]} 34. Bxc1 {[%clk 1:01:44]} Rc8
{[%clk 1:28:12]} 35. Bd2 {[%clk 0:57:23]} Nc5 {[%clk 1:27:48]} 36. Ra3
{[%clk 0:54:45]} Qb5 {[%clk 1:27:54]} 37. Qg1 {[%clk 0:39:36]} Rb8
{[%clk 1:27:48]} 38. Nc3 {[%clk 0:37:42]} dxc3 {[%clk 1:27:11]} 39. Rxc3
{[%clk 0:38:03]} Bf8 {[%clk 1:26:14]} 40. Qa1 {[%clk 0:31:56]} Nxd3
{[%clk 1:25:28]} 41. Be3 {[%clk 0:31:18]} Qd5+ {[%clk 1:24:13]} 42. Kg1
{[%clk 0:31:34]} Qe4 {[%clk 1:23:53]} 43. Ba7 {[%clk 0:26:49]} Rb2
{[%clk 1:22:19]} 44. Qf1 {[%clk 0:26:58]} Nxf4 {[%clk 1:21:39]} 45. Bf2
{[%clk 0:25:23]} Ne2+ {[%clk 1:21:33]} 0-1

[Event "Malopolskie Chess Tour - Grupa Seniorska"]
[Site "Poronin"]
[Date "2022.01.06"]
[Round "1.3"]
[White "Szydlowski, Kazimierz"]
[Black "Minko, Janusz"]
[Result "1/2-1/2"]
[BlackElo "1746"]
[WhiteElo "1749"]
[LiveChessVersion "1.4.8"]

1. e4 {[%clk 1:30:55]} c5 {[%clk 1:26:14]} 2. Nf3 {[%clk 1:31:14]} d6
{[%clk 1:25:57]} 3. c3 {[%clk 1:31:34]} Nf6 {[%clk 1:26:12]} 4. Be2
{[%clk 1:31:39]} Nc6 {[%clk 1:26:30]} 5. d4 {[%clk 1:31:37]} cxd4
{[%clk 1:23:44]} 6. cxd4 {[%clk 1:31:44]} d5 {[%clk 1:21:15]} 7. e5
{[%clk 1:30:54]} Ne4 {[%clk 1:18:11]} 8. O-O {[%clk 1:30:20]} e6 {[%clk 1:12:53]}
9. Re1 {[%clk 1:28:55]} Bb4 {[%clk 1:11:34]} 10. Bd2 {[%clk 1:25:42]} Nxd2
{[%clk 1:08:29]} 11. Nbxd2 {[%clk 1:25:36]} Qb6 {[%clk 1:06:55]} 12. a3
{[%clk 1:20:41]} Be7 {[%clk 1:05:38]} 13. Nb3 {[%clk 1:16:21]} a5
{[%clk 1:06:05]} 14. Qd3 {[%clk 1:08:58]} a4 {[%clk 1:01:32]} 15. Nbd2
{[%clk 1:08:14]} Bd7 {[%clk 1:00:25]} 16. Reb1 {[%clk 1:05:41]} O-O
{[%clk 0:53:50]} 17. b4 {[%clk 1:03:34]} f6 {[%clk 0:49:59]} 18. h4
{[%clk 1:00:00]} fxe5 {[%clk 0:49:02]} 19. dxe5 {[%clk 0:58:45]} Bxh4
{[%clk 0:48:10]} 20. Rf1 {[%clk 0:47:22]} Be7 {[%clk 0:48:31]} 21. b5
{[%clk 0:45:30]} Na5 {[%clk 0:44:59]} 22. g3 {[%clk 0:44:50]} Rac8
{[%clk 0:41:07]} 23. Kg2 {[%clk 0:40:21]} Be8 {[%clk 0:37:18]} 24. Qd4
{[%clk 0:35:15]} Bc5 {[%clk 0:34:49]} 25. Qxa4 {[%clk 0:34:19]} Bg6
{[%clk 0:27:27]} 26. Qh4 {[%clk 0:30:50]} d4 {[%clk 0:22:44]} 27. Ne1
{[%clk 0:24:49]} Qc7 {[%clk 0:19:35]} 28. Nd3 {[%clk 0:24:27]} Qe7
{[%clk 0:16:47]} 29. Qxe7 {[%clk 0:22:41]} Bxe7 {[%clk 0:17:16]} 30. Nf4
{[%clk 0:22:41]} Bf7 {[%clk 0:10:49]} 31. Bg4 {[%clk 0:21:29]} Bg5
{[%clk 0:09:14]} 32. Ne4 {[%clk 0:19:45]} Bxf4 {[%clk 0:09:05]} 33. gxf4
{[%clk 0:19:55]} Rc2 {[%clk 0:06:44]} 34. Ng5 {[%clk 0:18:15]} Nc4
{[%clk 0:05:38]} 35. Kg1 {[%clk 0:16:41]} Re8 {[%clk 0:05:36]} 36. a4
{[%clk 0:16:08]} h6 {[%clk 0:04:30]} 37. Ne4 {[%clk 0:12:20]} b6 {[%clk 0:03:41]}
38. Rfd1 {[%clk 0:10:31]} h5 {[%clk 0:03:17]} 39. Bf3 {[%clk 0:10:03]} Rd8
{[%clk 0:03:39]} 40. Ng5 {[%clk 0:08:43]} h4 {[%clk 0:03:25]} 41. Bg4
{[%clk 0:08:41]} Nb2 {[%clk 0:02:59]} 42. Nxe6 {[%clk 0:07:53]} Bxe6
{[%clk 0:02:14]} 43. Bxe6+ {[%clk 0:08:20]} Kf8 {[%clk 0:02:41]} 44. Bf5
{[%clk 0:07:42]} Rc4 {[%clk 0:02:53]} 45. Rd2 {[%clk 0:06:56]} Nxa4
{[%clk 0:03:15]} 46. Ra3 {[%clk 0:05:37]} Rb4 {[%clk 0:03:21]} 47. Kg2
{[%clk 0:05:32]} Nc5 {[%clk 0:03:24]} 48. e6 {[%clk 0:05:21]} Ke7
{[%clk 0:03:47]} 49. Ra7+ {[%clk 0:05:28]} Kd6 {[%clk 0:03:50]} 50. Rxg7
{[%clk 0:05:05]} Nxe6 {[%clk 0:03:53]} 51. Bxe6 {[%clk 0:05:00]} Kxe6
{[%clk 0:04:19]} 52. Rg6+ {[%clk 0:05:19]} Kf5 {[%clk 0:04:36]} 53. Rxb6
{[%clk 0:05:12]} Kxf4 {[%clk 0:04:52]} 54. Rf6+ {[%clk 0:04:54]} Kg5
{[%clk 0:04:58]} 55. Rb6 {[%clk 0:04:27]} Rd5 {[%clk 0:05:15]} 56. Kh3
{[%clk 0:03:25]} Rb3+ {[%clk 0:05:42]} 57. Kg2 {[%clk 0:03:39]} Kf4 58. Rf6+
{[%clk 0:03:42]} Ke5 {[%clk 0:05:10]} 59. Rh6 {[%clk 0:03:55]} h3+
{[%clk 0:04:26]} 60. Rxh3 {[%clk 0:04:02]} Rxh3 {[%clk 0:04:54]} 61. Kxh3
{[%clk 0:04:21]} Rxb5 {[%clk 0:05:17]} 62. Kg4 {[%clk 0:03:59]} Ke4
{[%clk 0:05:29]} 63. Re2+ {[%clk 0:04:07]} Kd3 {[%clk 0:05:52]} 64. Re6
{[%clk 0:03:59]} Kc2 {[%clk 0:06:02]} 65. Rd6 {[%clk 0:04:12]} d3
{[%clk 0:06:25]} 66. f4 {[%clk 0:04:31]} d2 {[%clk 0:06:35]} 67. Rc6+
{[%clk 0:04:36]} Kd1 {[%clk 0:06:47]} 68. Rd6 {[%clk 0:04:15]} Rb3
{[%clk 0:07:07]} 69. Kg5 {[%clk 0:03:56]} Ke2 {[%clk 0:06:31]} 70. Rxd2+
{[%clk 0:03:01]} Kxd2 {[%clk 0:06:59]} 71. f5 {[%clk 0:03:25]} Ke3
{[%clk 0:02:44]} 72. f6 {[%clk 0:03:48]} Ke4 {[%clk 0:03:03]} 73. f7
{[%clk 0:03:57]} Rb8 {[%clk 0:02:54]} 74. Kf6 {[%clk 0:04:15]} Kd5
{[%clk 0:02:39]} 75. Ke7 {[%clk 0:04:10]} Rb7+ {[%clk 0:02:55]} 76. Kf6
{[%clk 0:04:09]} Rb6+ {[%clk 0:03:07]} 77. Ke7 {[%clk 0:04:23]} Re6+ 78. Kd8
1/2-1/2

[Event "Malopolskie Chess Tour - Grupa Seniorska"]
[Site "Poronin"]
[Date "2022.01.06"]
[Round "2.1"]
[White "Kucharski, Tadeusz"]
[Black "Zarow, Zdzislaw"]
[Result "1-0"]
[BlackElo "1672"]
[WhiteElo "1601"]
[LiveChessVersion "1.4.8"]

1. e4 {[%clk 1:30:21]} e5 {[%clk 1:30:59]} 2. Bc4 {[%clk 1:29:49]} Nf6
{[%clk 1:30:59]} 3. d3 {[%clk 1:30:08]} c6 {[%clk 1:30:25]} 4. a3
{[%clk 1:29:42]} d5 {[%clk 1:30:05]} 5. exd5 {[%clk 1:30:00]} cxd5
{[%clk 1:30:34]} 6. Ba2 {[%clk 1:29:59]} Bc5 {[%clk 1:30:41]} 7. h3
{[%clk 1:28:15]} Nc6 {[%clk 1:30:52]} 8. Bg5 {[%clk 1:27:56]} e4 {[%clk 1:28:25]}
9. Nc3 {[%clk 1:24:32]} exd3 {[%clk 1:23:17]} 10. cxd3 {[%clk 1:22:31]} O-O
{[%clk 1:19:02]} 11. Nge2 {[%clk 1:22:24]} Be6 {[%clk 1:15:40]} 12. d4
{[%clk 1:20:35]} Be7 {[%clk 1:13:55]} 13. O-O h6 {[%clk 1:05:39]} 14. Bh4
{[%clk 1:17:00]} Qd7 {[%clk 1:04:14]} 15. Bg3 {[%clk 1:04:11]} Rac8
{[%clk 0:59:21]} 16. Re1 {[%clk 1:01:02]} Rfe8 {[%clk 0:58:22]} 17. Nf4
{[%clk 0:52:06]} Bd6 {[%clk 0:45:13]} 18. Qd2 {[%clk 0:48:23]} Bb8
{[%clk 0:43:10]} 19. Re2 {[%clk 0:46:47]} Ne7 {[%clk 0:42:13]} 20. Rae1
{[%clk 0:46:35]} Nf5 {[%clk 0:42:24]} 21. Bh2 {[%clk 0:45:50]} g5
{[%clk 0:39:49]} 22. Nxe6 {[%clk 0:43:46]} Bxh2+ {[%clk 0:39:56]} 23. Kxh2
{[%clk 0:44:06]} fxe6 {[%clk 0:38:12]} 24. Bb1 {[%clk 0:44:09]} Nd6
{[%clk 0:28:55]} 25. Qd3 {[%clk 0:41:56]} Qf7 {[%clk 0:27:48]} 26. Qg6+
{[%clk 0:41:23]} Qxg6 {[%clk 0:20:05]} 27. Bxg6 {[%clk 0:41:35]} Rf8
{[%clk 0:19:01]} 28. Rxe6 {[%clk 0:39:47]} Nc4 {[%clk 0:19:28]} 29. R6e2
{[%clk 0:39:35]} Nxb2 {[%clk 0:18:20]} 30. Nxd5 {[%clk 0:34:50]} Nxd5
{[%clk 0:18:40]} 31. Rxb2 {[%clk 0:35:00]} b6 {[%clk 0:18:42]} 32. Be4
{[%clk 0:34:56]} Rcd8 {[%clk 0:17:50]} 33. Rc2 {[%clk 0:32:55]} Kg7
{[%clk 0:17:57]} 34. Bxd5 {[%clk 0:31:11]} Rxd5 {[%clk 0:18:26]} 35. Rc7+
{[%clk 0:31:20]} Rf7 {[%clk 0:18:40]} 36. Ree7 {[%clk 0:30:47]} Rxe7
{[%clk 0:18:22]} 37. Rxe7+ {[%clk 0:31:08]} Kf6 {[%clk 0:18:30]} 38. Rxa7
{[%clk 0:31:30]} Rxd4 {[%clk 0:18:40]} 39. Ra6 {[%clk 0:31:21]} Rd6
{[%clk 0:19:04]} 40. Kg3 {[%clk 0:31:19]} h5 {[%clk 0:19:33]} 41. h4
{[%clk 0:29:38]} Rd3+ {[%clk 0:19:50]} 42. f3 {[%clk 0:29:46]} Rb3
{[%clk 0:19:32]} 43. hxg5+ {[%clk 0:29:59]} Kxg5 {[%clk 0:19:58]} 44. a4
{[%clk 0:30:11]} Ra3 {[%clk 0:18:44]} 45. Rxb6 {[%clk 0:30:19]} Rxa4
{[%clk 0:19:12]} 46. Rb5+ {[%clk 0:30:37]} Kg6 {[%clk 0:19:40]} 47. Kh3
{[%clk 0:30:33]} Rf4 {[%clk 0:19:28]} 48. Kg3 {[%clk 0:30:31]} Ra4
{[%clk 0:19:55]} 49. Kh3 {[%clk 0:27:40]} Rc4 {[%clk 0:17:40]} 50. g3
{[%clk 0:27:39]} Rc6 {[%clk 0:17:31]} 51. f4 Ra6 {[%clk 0:17:45]} 52. Kh4
{[%clk 0:24:37]} Ra1 {[%clk 0:16:46]} 53. f5+ {[%clk 0:24:26]} Kf6
{[%clk 0:13:41]} 54. Kxh5 {[%clk 0:24:20]} Rf1 {[%clk 0:13:30]} 55. Kg4
{[%clk 0:24:38]} Rg1 {[%clk 0:12:34]} 56. Rb6+ {[%clk 0:24:53]} Kg7
{[%clk 0:12:25]} 57. Kf4 {[%clk 0:25:11]} Rf1+ {[%clk 0:12:43]} 58. Kg5
{[%clk 0:25:24]} Rg1 {[%clk 0:11:32]} 59. g4 {[%clk 0:25:47]} Rg2
{[%clk 0:11:17]} 60. Rb7+ {[%clk 0:26:07]} Kg8 {[%clk 0:10:16]} 61. Kh5
{[%clk 0:25:18]} Ra2 {[%clk 0:08:35]} 62. Kg6 {[%clk 0:25:08]} Ra6+
{[%clk 0:09:02]} 63. f6 {[%clk 0:25:16]} Ra8 {[%clk 0:09:24]} 64. Kh6
{[%clk 0:24:47]} Kh8 {[%clk 0:03:47]} 65. g5 {[%clk 0:25:06]} 1-0

[Event "Malopolskie Chess Tour - Grupa Seniorska"]
[Site "Poronin"]
[Date "2022.01.06"]
[Round "2.2"]
[White "Marszalek, Jakub"]
[Black "Sadzikowski, Marian"]
[Result "0-1"]
[BlackElo "1763"]
[WhiteElo "1406"]
[LiveChessVersion "1.4.8"]

1. Nf3 {[%clk 1:30:55]} b6 {[%clk 1:30:55]} 2. e3 {[%clk 1:30:35]} Bb7
{[%clk 1:31:20]} 3. Bc4 {[%clk 1:30:37]} e6 {[%clk 1:31:46]} 4. a3
{[%clk 1:30:38]} d5 {[%clk 1:32:04]} 5. Ba2 {[%clk 1:30:49]} Nf6 {[%clk 1:32:06]}
6. d3 {[%clk 1:30:49]} Bd6 {[%clk 1:32:21]} 7. Nc3 {[%clk 1:30:50]} O-O
{[%clk 1:32:27]} 8. O-O {[%clk 1:30:43]} c5 {[%clk 1:32:28]} 9. Ne2
{[%clk 1:30:42]} Nbd7 {[%clk 1:32:35]} 10. Ng5 {[%clk 1:30:20]} h6
{[%clk 1:32:07]} 11. Nf3 {[%clk 1:30:35]} Rc8 {[%clk 1:32:22]} 12. Bd2 Bb8
{[%clk 1:32:41]} 13. Rb1 {[%clk 1:30:42]} Qc7 {[%clk 1:32:40]} 14. h3
{[%clk 1:30:05]} e5 {[%clk 1:31:56]} 15. Ng3 {[%clk 1:29:56]} e4 {[%clk 1:29:00]}
16. Nh2 {[%clk 1:28:07]} h5 {[%clk 1:28:06]} 17. h4 Ne5 {[%clk 1:25:11]} 18. Re1
{[%clk 1:28:28]} g6 {[%clk 1:21:24]} 19. Nhf1 {[%clk 1:26:43]} exd3
{[%clk 1:20:40]} 20. cxd3 {[%clk 1:26:46]} Nxd3 {[%clk 1:17:15]} 21. Re2
{[%clk 1:26:21]} Ne4 {[%clk 1:16:24]} 22. Bc3 {[%clk 1:25:50]} Ndxf2
{[%clk 1:11:27]} 23. Rxf2 {[%clk 1:25:16]} Nxg3 {[%clk 1:11:50]} 24. Qf3
{[%clk 1:22:36]} Nxf1 {[%clk 1:09:37]} 25. Kxf1 {[%clk 1:22:33]} Qe7
{[%clk 1:01:41]} 26. Bxd5 {[%clk 1:21:52]} Bxd5 {[%clk 1:00:24]} 27. Qxd5
{[%clk 1:22:15]} Qxh4 {[%clk 0:59:42]} 28. Ke2 {[%clk 1:20:03]} Rcd8
{[%clk 0:58:06]} 29. Qf3 {[%clk 1:18:52]} Bg3 {[%clk 0:54:42]} 30. Rff1
{[%clk 1:19:03]} Qc4# {[%clk 0:54:49]} 0-1

[Event "Malopolskie Chess Tour - Grupa Seniorska"]
[Site "Poronin"]
[Date "2022.01.06"]
[Round "2.3"]
[White "Minko, Janusz"]
[Black "Szydlowski, Kazimierz"]
[Result "1/2-1/2"]
[BlackElo "1749"]
[WhiteElo "1746"]
[LiveChessVersion "1.4.8"]

1. d4 {[%clk 1:30:58]} d5 {[%clk 1:30:45]} 2. c4 {[%clk 1:31:17]} c6
{[%clk 1:31:09]} 3. e3 {[%clk 1:31:06]} Nf6 {[%clk 1:30:59]} 4. Nc3
{[%clk 1:31:28]} e6 {[%clk 1:30:10]} 5. Nf3 {[%clk 1:31:49]} Nbd7
{[%clk 1:29:48]} 6. Bd3 {[%clk 1:31:28]} dxc4 {[%clk 1:26:10]} 7. Bxc4
{[%clk 1:31:55]} b5 {[%clk 1:26:08]} 8. Bd3 {[%clk 1:31:54]} a6 {[%clk 1:25:55]}
9. O-O {[%clk 1:32:13]} c5 {[%clk 1:25:30]} 10. dxc5 {[%clk 1:06:14]} Bxc5
{[%clk 1:24:52]} 11. Qe2 {[%clk 1:01:38]} O-O {[%clk 1:21:22]} 12. a3
{[%clk 0:58:57]} Bb7 {[%clk 1:20:30]} 13. Rd1 {[%clk 0:58:27]} Qc7
{[%clk 1:17:20]} 14. Bd2 {[%clk 0:51:58]} Ne5 {[%clk 1:12:35]} 15. Nxe5
{[%clk 0:51:33]} Qxe5 {[%clk 1:12:55]} 16. b4 {[%clk 0:50:15]} Ba7
{[%clk 1:10:52]} 17. Rac1 {[%clk 0:47:13]} Rfd8 {[%clk 1:09:08]} 18. Kh1
{[%clk 0:46:13]} Rac8 {[%clk 1:05:14]} 19. f4 {[%clk 0:45:00]} Qh5
{[%clk 1:01:25]} 20. Qxh5 {[%clk 0:43:23]} Nxh5 {[%clk 1:01:52]} 21. Be2
{[%clk 0:41:47]} Nf6 {[%clk 1:00:21]} 22. Bf3 {[%clk 0:21:11]} Bxf3
{[%clk 0:57:40]} 23. gxf3 {[%clk 0:21:39]} Rxd2 {[%clk 0:57:18]} 24. Rxd2
{[%clk 0:22:06]} Bxe3 {[%clk 0:57:29]} 25. Rcd1 {[%clk 0:21:36]} Bxd2
{[%clk 0:57:26]} 26. Rxd2 {[%clk 0:22:05]} Kf8 {[%clk 0:56:38]} 27. Ne2
{[%clk 0:19:55]} Ke7 {[%clk 0:55:45]} 28. Kg2 {[%clk 0:20:12]} g6
{[%clk 0:55:09]} 29. Kf2 {[%clk 0:19:33]} Nd5 {[%clk 0:54:48]} 30. Kg3
{[%clk 0:18:34]} Rc4 {[%clk 0:54:05]} 31. Nd4 {[%clk 0:17:35]} Nc3
{[%clk 0:50:12]} 32. Kg4 {[%clk 0:15:53]} Kf6 {[%clk 0:48:21]} 33. Nb3
{[%clk 0:12:52]} h5+ {[%clk 0:47:26]} 34. Kg3 {[%clk 0:12:27]} Nd5
{[%clk 0:42:43]} 35. Nc5 {[%clk 0:12:32]} a5 {[%clk 0:39:15]} 36. Ne4+
{[%clk 0:10:46]} Ke7 {[%clk 0:37:56]} 37. bxa5 {[%clk 0:11:05]} Ra4
{[%clk 0:37:09]} 38. Rb2 {[%clk 0:09:30]} Rxa5 {[%clk 0:33:21]} 39. Rb3
{[%clk 0:09:58]} Nc7 {[%clk 0:32:56]} 40. Nc5 {[%clk 0:09:37]} Ra8
{[%clk 0:32:17]} 41. Ne4 {[%clk 0:08:59]} Rb8 {[%clk 0:30:19]} 42. Nc3
{[%clk 0:07:02]} f5 {[%clk 0:29:38]} 43. Kh4 {[%clk 0:05:56]} Kf6
{[%clk 0:27:05]} 44. Na4 {[%clk 0:05:28]} Nd5 {[%clk 0:26:45]} 45. Nc5
{[%clk 0:05:39]} Ra8 {[%clk 0:24:41]} 46. Nd7+ {[%clk 0:05:11]} Ke7
{[%clk 0:24:45]} 47. Ne5 {[%clk 0:05:21]} Nxf4 {[%clk 0:24:12]} 48. Kg5
{[%clk 0:05:41]} Nd5 {[%clk 0:22:05]} 49. Nxg6+ {[%clk 0:05:55]} Kd6
{[%clk 0:22:15]} 50. Kxh5 {[%clk 0:06:03]} Kc5 {[%clk 0:22:08]} 51. Kg5
{[%clk 0:06:00]} Kc4 {[%clk 0:22:01]} 52. Rb1 {[%clk 0:06:08]} Rxa3
{[%clk 0:21:54]} 53. h4 {[%clk 0:06:06]} b4 {[%clk 0:21:41]} 54. h5
{[%clk 0:06:27]} b3 {[%clk 0:21:25]} 55. h6 {[%clk 0:06:47]} Nc3 {[%clk 0:21:06]}
56. Rh1 {[%clk 0:06:49]} b2 {[%clk 0:20:31]} 57. h7 {[%clk 0:06:59]} Ra8
{[%clk 0:20:31]} 58. h8=Q {[%clk 0:05:48]} Rxh8 {[%clk 0:20:48]} 59. Nxh8
{[%clk 0:06:08]} b1=Q 60. Rxb1 {[%clk 0:06:27]} Nxb1 {[%clk 0:21:29]} 61. Kf6
{[%clk 0:06:55]} Kd5 {[%clk 0:19:59]} 62. Nf7 {[%clk 0:07:09]} Nd2
{[%clk 0:20:06]} 63. Ng5 {[%clk 0:07:25]} Ne4+ {[%clk 0:15:20]} 64. fxe4+
{[%clk 0:06:06]} fxe4 {[%clk 0:15:41]} 65. Nxe4 {[%clk 0:06:12]} Kxe4 66. Kxe6
1/2-1/2

[Event "Malopolskie Chess Tour - Grupa Seniorska"]
[Site "Poronin"]
[Date "2022.01.07"]
[Round "3.1"]
[White "Kucharski, Tadeusz"]
[Black "Minko, Janusz"]
[Result "0-1"]
[BlackElo "1746"]
[WhiteElo "1601"]
[LiveChessVersion "1.4.8"]

1. e4 {[%clk 1:30:37]} c5 {[%clk 1:30:52]} 2. Nf3 {[%clk 1:30:11]} e6
{[%clk 1:31:13]} 3. Be2 {[%clk 1:29:10]} Nc6 {[%clk 1:31:27]} 4. d4
{[%clk 1:28:58]} cxd4 {[%clk 1:31:54]} 5. Nxd4 {[%clk 1:29:02]} Nf6
{[%clk 1:31:37]} 6. Nxc6 {[%clk 1:28:40]} bxc6 {[%clk 1:31:56]} 7. Bf3
{[%clk 1:25:48]} Ba6 {[%clk 1:28:58]} 8. b3 {[%clk 1:20:40]} Bc5 {[%clk 1:19:34]}
9. e5 {[%clk 1:18:06]} Qb6 {[%clk 1:11:28]} 10. Qd2 {[%clk 1:18:25]} Bd4
{[%clk 1:05:25]} 11. exf6 {[%clk 1:17:26]} Bxa1 {[%clk 1:05:53]} 12. c3
{[%clk 1:17:26]} gxf6 {[%clk 1:05:55]} 13. Be2 {[%clk 1:13:18]} Bxe2
{[%clk 1:01:34]} 14. Qxe2 {[%clk 1:12:30]} Qa5 {[%clk 0:57:39]} 15. Qd2
{[%clk 1:10:56]} Qe5+ {[%clk 0:56:42]} 16. Qe3 {[%clk 1:09:56]} d5
{[%clk 0:55:38]} 17. Ba3 {[%clk 1:07:17]} d4 {[%clk 0:55:00]} 18. Qxe5
{[%clk 1:05:04]} fxe5 {[%clk 0:55:19]} 19. cxd4 {[%clk 1:04:06]} Bxd4
{[%clk 0:54:30]} 20. Ke2 {[%clk 1:04:17]} c5 {[%clk 0:51:30]} 21. Nd2
{[%clk 1:04:17]} f5 {[%clk 0:50:58]} 22. Rc1 {[%clk 1:03:49]} Kd7
{[%clk 0:44:31]} 23. Nf3 {[%clk 1:03:39]} e4 24. Nxd4 cxd4 {[%clk 0:41:37]} 25.
Bc5 {[%clk 1:02:30]} Rhc8 {[%clk 0:38:19]} 26. b4 {[%clk 1:02:38]} Rab8
{[%clk 0:32:42]} 27. Rd1 {[%clk 1:01:42]} e5 {[%clk 0:31:16]} 28. f4
{[%clk 1:01:42]} d3+ {[%clk 0:31:15]} 29. Ke3 {[%clk 1:01:55]} Ke6
{[%clk 0:29:14]} 30. g4 {[%clk 1:01:20]} Rxc5 {[%clk 0:20:23]} 31. bxc5
{[%clk 1:01:22]} Rb2 {[%clk 0:20:43]} 32. Re1 {[%clk 1:00:40]} Rxa2
{[%clk 0:19:03]} 33. c6 {[%clk 1:00:09]} Rc2 {[%clk 0:18:46]} 34. h3
{[%clk 0:59:40]} Rxc6 {[%clk 0:19:06]} 35. gxf5+ {[%clk 0:59:07]} Kxf5
{[%clk 0:19:30]} 36. fxe5 {[%clk 0:59:13]} Kxe5 {[%clk 0:19:51]} 37. Ra1
{[%clk 0:59:29]} Rd6 {[%clk 0:14:08]} 38. Kd2 {[%clk 0:58:57]} a6
{[%clk 0:14:02]} 39. Ra5+ {[%clk 0:58:01]} Kf4 {[%clk 0:14:16]} 40. Rh5 e3+ 41.
Kd1 {[%clk 0:57:19]} Rb6 {[%clk 0:14:08]} 42. Kc1 {[%clk 0:57:25]} Rc6+
{[%clk 0:12:00]} 43. Kd1 {[%clk 0:57:12]} e2+ {[%clk 0:10:08]} 44. Kd2
{[%clk 0:57:23]} Rc2+ {[%clk 0:09:52]} 45. Kxd3 {[%clk 0:57:28]} e1=Q
{[%clk 0:09:57]} 46. Kxc2 {[%clk 0:57:40]} Qe2+ {[%clk 0:10:14]} 0-1